| 000 | 00422nam a2200157 a 4500 | ||
|---|---|---|---|
| 005 | 20140412111418.0 | ||
| 008 | 070905s19uu xx 00 eng d | ||
| 020 | _a978-1-84205-587-8 | ||
| 050 |
_aREF 423 _bWe37 2007 |
||
| 245 | _aWebster's Universal: English Thesaurus. | ||
| 260 |
_aPhilippines : _bWS Pacific Publications, _c2007. |
||
| 300 | _a319p. | ||
| 650 | _aDictionary | ||
| 999 |
_c105930 _d105930 |
||